[Event "Peterborough 4NCL Easter U1700 op"]
[Site "Peterborough"]
[Date "2024.04.01"]
[Round "6"]
[White "Stokes, Richard"]
[Black "Roychowdhury, Aashita"]
[Result "1-0"]
[WhiteElo "1690"]
[BlackElo "1579"]
[PlyCount "61"]
[EventDate "2024.03.29"]
[EventType "swiss"]
[EventRounds "7"]
[EventCountry "ENG"]
[SourceTitle "CBM 219 Extra"]
[Source "ChessBase"]
[SourceDate "2024.05.31"]
[SourceVersion "1"]
[SourceVersionDate "2024.05.31"]
[SourceQuality "1"]

1. e4 c6 2. d4 d5 3. f3 e6 4. Ne2 c5 5. c3 Nc6 6. e5 c4 7. Ng3 a6 8. Be2 Nge7 9. 0-0 Ng6 10. f4 Be7 11. Bh5 Bh4 12. Qg4 Bxg3 13. Qxg3 Qh4 14. Qf3 Bd7 15. g3 Qe7 16. b3 b5 17. bxc4 bxc4 18. Ba3 Qd8 19. Nd2 Rb8 20. f5 Ngxe5 21. dxe5 Nxe5 22. Bxf7+ Nxf7 23. fxe6 Bxe6 24. Rae1 Qd7 25. Qe3 Nd8 26. Qf4 Qa7+ 27. Kg2 Rb7 28. Qd6 Rf7 29. Rxe6+ Nxe6 30. Qxe6+ Re7 31. Qc8# 1-0

[Event "Peterborough 4NCL Easter U1700 op"]
[Site "Peterborough"]
[Date "2024.03.30"]
[Round "3"]
[White "Roychowdhury, Aashita"]
[Black "Zajaczkowski, Marek"]
[Result "0-1"]
[WhiteElo "1579"]
[BlackElo "1656"]
[PlyCount "122"]
[EventDate "2024.03.29"]
[EventType "swiss"]
[EventRounds "7"]
[EventCountry "ENG"]
[SourceTitle "CBM 219 Extra"]
[Source "ChessBase"]
[SourceDate "2024.05.31"]
[SourceVersion "1"]
[SourceVersionDate "2024.05.31"]
[SourceQuality "1"]

1. e4 Nf6 2. Nc3 d5 3. e5 Nfd7 4. d4 Nb6 5. Bf4 e6 6. a3 c5 7. Nf3 Nc6 8. Bb5 Bd7 9. Bxc6 Bxc6 10. 0-0 Nc4 11. b3 Nxa3 12. Be3 Nb5 13. Nxb5 Bxb5 14. c4 dxc4 15. Qe2 b6 16. bxc4 Bc6 17. Rfd1 cxd4 18. Bxd4 Qc7 19. Qe3 Rd8 20. Rac1 Be7 21. h3 Qb7 22. Ra1 0-0 23. Ne1 Rd7 24. f3 Rfd8 25. Rd3 Rxd4 26. Rxd4 Rxd4 27. Rb1 Bc5 28. Kh2 Qc7 29. Qg5 f6 30. Qc1 Qxe5+ 31. Kh1 Bd6 32. f4 Qxf4 33. Qxf4 Rxf4 34. Nd3 Rh4 35. Kg1 Be4 36. Rd1 Bxd3 37. Rxd3 Bc5+ 38. Kf1 Rd4 39. Rc3 Kf7 40. Ke2 e5 41. Rc2 Ke6 42. Ra2 a5 43. Ra4 Kd6 44. g4 g5 45. Kf1 Bb4 46. Ke2 Kc5 47. Ra2 Kxc4 48. Ke3 b5 49. Rc2+ Bc3 50. Rf2 Rf4 51. Rc2 b4 52. Ra2 Bd4+ 53. Ke2 Rf2+ 54. Kd1 Rxa2 55. Ke1 Kd3 56. Kf1 b3 57. h4 gxh4 58. g5 fxg5 59. Ke1 Rc2 60. Kd1 b2 61. Ke1 b1R# 0-1